Evaluácia vysokých škôl - nástroj konkurencieschopnosti Európskej únie

Aktuálna problematika evaluácie kvality na vysokých školách v Slovenskej republike a zahraničí. Súčasná právna úprava, činnosť a rozvojové zámery decizívnej sféry, vysokých škôl a akreditačnej komisie v tejto oblasti. Prezentácia celoeurópskej aktivity v oblasti vytvorenia systematického zabezpečova...

Descrizione completa

Salvato in:
Dettagli Bibliografici
Autore principale: Plavčan, Peter
Natura: Capitolo di libro
Lingua:slovacco
Soggetti:
Tags: Aggiungi Tag
Nessun Tag, puoi essere il primo ad aggiungerne!!

MARC

LEADER 00000naa$a2200000$$$4500
001 0055716
005 20220718123903.6
041 0 |a slo 
044 |a SK 
245 1 0 |a Evaluácia vysokých škôl - nástroj konkurencieschopnosti Európskej únie  |c Peter Plavčan 
520 |a Aktuálna problematika evaluácie kvality na vysokých školách v Slovenskej republike a zahraničí. Súčasná právna úprava, činnosť a rozvojové zámery decizívnej sféry, vysokých škôl a akreditačnej komisie v tejto oblasti. Prezentácia celoeurópskej aktivity v oblasti vytvorenia systematického zabezpečovania evaluácie kvality poskytovania vysokoškolského vzdelávania. 
610 2 0 |a vzdelávanie 
610 2 0 |a školy vysoké 
610 2 0 |a univerzity 
610 2 0 |a veda 
610 2 0 |a výskum 
610 2 0 |a Slovensko 
610 2 0 |a Európska únia 
610 2 0 |a kvalita 
610 2 0 |a konkurencieschopnosť 
100 1 |a Plavčan, Peter